| 000 | 00685nam a2200193 a 4500 | ||
|---|---|---|---|
| 005 | 20210223121733.0 | ||
| 008 | 991125s1960 mx 000 0 spa u | ||
| 035 | _aUPN01000023021 | ||
| 049 | _aCG | ||
| 050 | 4 |
_aF1234 _bB5.3 no.22 |
|
| 100 | 1 | _aSánchez Azcona, Juan | |
| 245 | 1 | 3 |
_aLa etapa maderista de la Revolución / _cJuan Sánchez Azcona ; pról. de Salvador Azuela. |
| 260 |
_aMéxico : _bINEHRM, _c1960. |
||
| 300 | _a91 p | ||
| 440 | 0 |
_aBiblioteca del Instituto Nacional de Estudios Históricos de la Revolución Mexicana ; _v22 |
|
| 600 | 1 | 4 |
_aMADERO, FRANCISCO IGNACIO, _d1873-1913 |
| 651 | 4 |
_aMEXICO - _xHISTORIA - _yREGIMEN MADERISTA, 1911-1913 _917709 |
|
| 905 | _aLibro | ||
| 999 |
_c23021 _d23021 |
||